Menys wats, controla l'energia que consumeixes
Descripción Física:
50 pàgines ; 15 cm
Colección:
Millorem el medi ambient
Idioma:
Catalán
MARC
| LEADER | 00000nrm a2200000 a 4500 | ||
|---|---|---|---|
| 001 | 26049 | ||
| 003 | Arxiu | ||
| 005 | 20260324181126.0 | ||
| 008 | 220628b spa||||| |||| 00| 0 cat d | ||
| 040 | |a agdb |b cat | ||
| 080 | |a NBM-14-6 | ||
| 245 | |a Menys wats, controla l'energia que consumeixes | ||
| 260 | |a Barcelona : |b Diputació de Barcelona, Gerència de Serveis de Medi Ambient, |c 2017 | ||
| 300 | |a 50 pàgines ; |c 15 cm | ||
| 490 | |a Millorem el medi ambient | ||
| 650 | 0 | |9 53147 |a Llibres en blanc | |
| 655 | 0 | |9 54934 |a Llibretes | |
| 710 | 1 | |a Barcelona (Catalunya : Província). |b Gerència de Serveis de Medi Ambient |9 53088 | |
| 942 | |2 udc |n 1 |c ARXIU | ||
| 952 | |0 0 |1 0 |4 0 |6 NBM146 |7 1 |9 62530 |a Arxiu |b Arxiu |d 2022-06-28 |l 0 |o NBM-14-6 |p 26049 |r 2022-06-28 00:00:00 |w 2022-06-28 |y ARXIU | ||
| 999 | |c 82134 |d 82134 | ||